000 00516nam a2200181Ia 4500
008 100920s9999 xx 000 0 und d
082 _b88013
_a200 0
100 _a---
245 _aप्रायश्चित मयूख.
260 _b---
_c0
300 _a429
_bसाधी
365 _b0
520 _aधार्मिक.
630 _aप्रायश्चित मयूख.
650 _aधार्मिक.
730 _aप्रायश्चित मयूख.
942 _cBOOK
999 _c728520
_d728517